Normal view
MARC view
Entry Topical Term
001 - CONTROL NUMBER
- control field: 22712
003 - CONTROL NUMBER IDENTIFIER
- control field: OSt
005 - DATE AND TIME OF LATEST TRANSACTION
- control field: 20210220143919.0
008 - FIXED-LENGTH DATA ELEMENTS
- fixed length control field: 210220|| aca||aabn | a|a d
040 ## - CATALOGING SOURCE
- Original cataloging agency: OSt
- Transcribing agency: OSt
150 ## - HEADING--TOPICAL TERM
- Topical term or geographic name entry element: Same-sex parents, Administrative longitudinal data, School outcomes, Coarsened exact matching, Treatment effect bounds
670 ## - SOURCE DATA FOUND
- Source citation: Work cat.: (OSt): Mazrekaj, Deni. Witte, Kristof De. Cabus, Sofie 22711, School outcomes of children raised by same-sex parents: Evidence from administrative panel data
